Deutsche Komödien anhand von Klischees - Statistiken

Allgemein
  • Dieses Quiz wurde 66 mal gespielt
  • Das Durchschnittsergebnis liegt bei 12 aus 46
Antwortstatistiken
Kategorie Jahr IMDb Film % Korrekt
Mit Til Schweiger 2007 6,5 Keinohrhasen
72%
Mit Matthias Schweighöfer 2007 6,5 Keinohrhasen
72%
Regie: Til Schweiger 2007 6,5 Keinohrhasen
72%
Mit Til Schweiger 1991 5,7 Manta, Manta
69%
Mit C-Prominenz 1991 5,7 Manta, Manta
69%
Mit Til Schweiger 2023 3,5 Manta Manta – Zwoter Teil
69%
Regie: Til Schweiger 2023 3,5 Manta Manta – Zwoter Teil
69%
Mit Til Schweiger 2009 5,6 Zweiohrküken
66%
Mit Matthias Schweighöfer 2009 5,6 Zweiohrküken
66%
Regie: Til Schweiger 2009 5,6 Zweiohrküken
66%
Mit Til Schweiger 2011 6,3 Kokowääh
48%
Regie: Til Schweiger 2011 6,3 Kokowääh
48%
Mit Til Schweiger 2013 5,3 Kokowääh 2
48%
Mit Matthias Schweighöfer 2013 5,3 Kokowääh 2
48%
Regie: Til Schweiger 2013 5,3 Kokowääh 2
48%
Mit Til Schweiger 2014 6,6 Honig im Kopf
41%
Regie: Til Schweiger 2014 6,6 Honig im Kopf
41%
Mit Til Schweiger 2018 3,8 Klassentreffen 1.0
21%
Regie: Til Schweiger 2018 3,8 Klassentreffen 1.0
21%
Mit Til Schweiger 2020 3,8 Die Hochzeit
17%
Regie: Til Schweiger 2020 3,8 Die Hochzeit
17%
Mit Til Schweiger 2005 7,1 Barfuss
7%
Regie: Til Schweiger 2005 7,1 Barfuss
7%
Mit Til Schweiger 2018 4,1 Hot Dog
7%
Mit Matthias Schweighöfer 2018 4,1 Hot Dog
7%
Mit Til Schweiger 1999 7,5 Bang Boom Bang – Ein todsicheres Ding
5%
Mit C-Prominenz 1999 7,5 Bang Boom Bang – Ein todsicheres Ding
5%
Mit Til Schweiger 1998 6,5 Der Eisbär
5%
Regie: Til Schweiger 1998 6,5 Der Eisbär
5%
Mit Til Schweiger 2016 5,8 Vier gegen die Bank
5%
Mit Matthias Schweighöfer 2016 5,8 Vier gegen die Bank
5%
Mit Til Schweiger 2022 4,5 Lieber Kurt
3%
Regie: Til Schweiger 2022 4,5 Lieber Kurt
3%
Mit Til Schweiger 2013 3,7 Keinohrhase und Zweiohrküken
2%
Mit Matthias Schweighöfer 2013 3,7 Keinohrhase und Zweiohrküken
2%
Regie: Til Schweiger 2013 3,7 Keinohrhase und Zweiohrküken
2%
Mit Matthias Schweighöfer 2018 5,1 Vielmachglas
2%
Mit C-Prominenz 2018 5,1 Vielmachglas
2%
Mit Elyas M'Barek 2011 5,5 What a Man
2%
Mit Matthias Schweighöfer 2011 5,5 What a Man
2%
Mit Til Schweiger 2008 3,7 1½ Ritter – Auf der Suche nach der hinreißenden Herzelinde
0%
Regie: Til Schweiger 2008 3,7 1½ Ritter – Auf der Suche nach der hinreißenden Herzelinde
0%
Mit Til Schweiger 2023 4,9 Das Beste kommt noch!
0%
Regie: Til Schweiger 2023 4,9 Das Beste kommt noch!
0%
Mit Til Schweiger 2021 4,5 Die Rettung der uns bekannten Welt
0%
Regie: Til Schweiger 2021 4,5 Die Rettung der uns bekannten Welt
0%
Keine übereinstimmenden Quizze gefunden
Verteilung der Resultate
Anzahl Personen mit jedem Resultat
Perzentil nach korrekt beantworteten Fragen
Ihre Resultats-Entwicklung
Sie haben dieses Quiz noch nicht gespielt